000 00904nam a2200265Ia 4500
003 OSt
005 20220923211138.0
006 a|||||r|||| 00| 0
007 ta
008 220922b |||||||| |||| 00| 0 hin d
020 _a8185999481 (hbk)
_c350
024 _a237,912
037 _b407, 23/03/2009, Swaraj Prakashan
_cTextual
040 _aARTS
_cARTS
_bhin
041 _2hin
_ahin
082 _aO152,1:g, P3
100 _aनवल, नंदकिशोर
_9158711
245 0 _aकविता के आर - पार
246 _aKavitā ke ār - pāra
260 _aदिल्ली
_b स्वराज प्रकाशन
_c2003
300 _a206पृ.
_ccm.
650 _aहिन्दी साहित्य
_9156264
942 _hO152,1:g, P3
_cTEXL
_2CC
999 _c295907
_d295907